The life of continual rejoicing: (Record no. 5871)

000 -LEADER
fixed length control field 00657nam a2200193 a 4500
001 - CONTROL NUMBER
control field :::00003613$&:&@@
003 - CONTROL NUMBER IDENTIFIER
control field OkBaRHE
005 - DATE AND TIME OF LATEST TRANSACTION
control field 20000607103308.0
008 - FIXED-LENGTH DATA ELEMENTS--GENERAL INFORMATION
fixed length control field s1965 j 000 0 eng u
040 ## - CATALOGING SOURCE
Transcribing agency
100 1# - MAIN ENTRY--PERSONAL NAME
Personal name Duncan, George B.
245 14 - TITLE STATEMENT
Title The life of continual rejoicing:
Remainder of title studies in the epistle to the Philippians.
260 ## - PUBLICATION, DISTRIBUTION, ETC. (IMPRINT)
Place of publication, distribution, etc Chicago, IL., :
Name of publisher, distributor, etc Moody Press
Date of publication, distribution, etc c1965
300 ## - PHYSICAL DESCRIPTION
Extent 127 p. ;
Dimensions 17 cm.
650 ## - SUBJECT ADDED ENTRY--TOPICAL TERM
Topical term or geographic name as entry element Bible New Testament Philippians
General subdivision Criticism, Interpretation, etc.
650 ## - SUBJECT ADDED ENTRY--TOPICAL TERM
Topical term or geographic name as entry element Christian Life
942 ## - ADDED ENTRY ELEMENTS (KOHA)
Source of classification or shelving scheme
Koha item type Books
Copies
Withdrawn status Date last seen Lost status Date acquired Koha item type Source of classification or shelving scheme Copy number Barcode Full call number Not for loan Damaged status Shelving location Price effective from Permanent Location
 2018-04-03 2010-04-14Books 13613BS 2705 .D8L5  General Stacks2010-04-14RHEMA Bible Training College